Statistics for Marvel Super Heroes (1995 video game) (Characters)

Click here to take the quiz!

General Stats

  • This quiz has been taken 26 times
  • The average score is 8 of 13

Answer Stats

Character% Correct
Hulk
100%
Iron Man
100%
Spider-Man
100%
Captain America
96%
Wolverine
87%
Magneto
65%
Doctor Doom
57%
Thanos
52%
Juggernaut
43%
Psylocke
35%
Blackheart
30%
Shuma-Gorath
26%
Anita (secret)
13%

Score Distribution

Percentile by Number Answered

Percent of People with Each Score

Your Score History

You have not taken this quiz